000 00285nam a2200121Ia 4500
008 190216s9999||||xx |||||||||||||| ||und||
100 _aHaynes W
245 0 _aRefresher Course In Management
260 _bMannora Publications
_c1991
300 _a392
650 _aCommerce
942 _cBK
999 _c5489
_d5489